| 000 | 00543nam a2200181Ia 4500 | ||
|---|---|---|---|
| 008 | 240729s9999 xx 000 0 und d | ||
| 022 | _a2632-4644 | ||
| 245 | 0 | _aIndian Journal of Clinical Cardiology | |
| 260 | _aUnited Kingdom | ||
| 260 | _bSAGE Publishing | ||
| 650 | _a Diseases of the circulatory (Cardiovascular) system | ||
| 650 | _a Internal medicine | ||
| 650 | _a Specialties of internal medicine | ||
| 650 | _aMedicine | ||
| 856 | _uhttps://doaj.org/toc/fbfba9cd00904b7aa6039d3a9d44871b | ||
| 942 | _2ddc | ||
| 942 | _cDOAJEJ | ||
| 999 |
_c72957 _d72957 |
||
| 945 |
_a1 _bMadushi Gamage _c1 _dMadushi Gamage |
||